Peter Ustinov Filmography - Statistics

General Stats
  • This quiz has been taken 22 times
    3 since last reset
  • The average score is 6 of 226
Answer Stats
Type Year Name % Correct
Film 1978 Death on the Nile
100%
Film 1960 Spartacus
100%
Film 1964 Topkapi
100%
Film 1982 Evil Under the Sun
50%
Film 1992 Lorenzo's Oil
50%
TV Documentary 1991 Peter Ustinov on the Orient Express
50%
Film 1951 Quo Vadis
50%
Documentary Mini-Series 1986 Russia
50%
Documentary 1987 1987 FIA Formula 1 World Championship Review - A Painless Half-Nelson
0%
Award Show 1995 23rd Annual International Emmy Gala Awards
0%
TV Film 1984 Abgehört
0%
Short Documentary 1988 A Day in the Life of a Child: Children of Ghana
0%
TV Film 1966 Adieux de Tabarin
0%
Theater 1996-1997 A Grand Knight Out
0%
TV Film 1999 Alice in Wonderland
0%
TV Special 1992 Alistair Cooke Salute
0%
TV Special 1988 An Audience with Peter Ustinov
0%
Theater 1990-1991 An Evening with Peter Ustinov
0%
TV Special 1995 An Evening with Sir Peter Ustinov
0%
TV Film 1999 Animal Farm
0%
Film 1988 Appointment with Death
0%
TV Mini-Series 1989 Around the World in 80 Days
0%
Film 1979 Ashanti
0%
TV Film 1970 A Storm in Summer
0%
TV Short 1971 Babar Comes to America
0%
TV Film 1966 Barefoot in Athens
0%
TV Show 1966 BBC Show of the Week
0%
TV Show 1955 BBC Sunday-Night Theatre
0%
Film 1954 Beau Brummell
0%
Theater 1983-1984, 1996 Beethoven's Tenth
0%
TV Film 1988 Beethovens Zehnte
0%
Film 1972 Big Truck and Sister Clare
0%
Film 1962 Billy Budd
0%
Director 1962 Billy Budd
0%
Screenplay 1962 Billy Budd
0%
Production 1962 Billy Budd
0%
Film 1968 Blackbeard's Ghost
0%
Screenplay 1946 Carnival
0%
TV Special 1994 Celebrating Haydn with Peter Ustinov
0%
Film 1981 Charlie Chan and the Curse of the Dragon Queen
0%
TV Show 1981 Clapper Board
0%
TV Show 1972 Clochemerle
0%
Theater 1946 Crime and Punishment
0%
TV Film 1986 Dead Man's Folly
0%
TV Film 2000 Deutschlandspiel
0%
TV Special 1991 Die Peter Ustinov Gala
0%
TV Show 1976, 1977 Dinah!
0%
Theater 1940-1941 Diversion
0%
TV Show 1979-1981 Doctor Snuggles
0%
Film 1977 Double Murder
0%
TV Special 1996 Ein Abend mit Peter Ustinov
0%
Documentary 1979 Einstein's Universe
0%
TV Show 1958 Folio
0%
TV Show 1967-1980 Gala de l'Unicef
0%
TV Film 1989 Granpa
0%
Film 1981 Grendel Grendel Grendel
0%
Stage Director 1967 Halfway Up the Tree
0%
Film 1972 Hammersmith Is Out
0%
Director 1972 Hammersmith Is Out
0%
Film 1951 Hotel Sahara
0%
Film 1968 Hot Millions
0%
Screenplay 1968 Hot Millions
0%
Documentary 1940 Hullo Fame
0%
TV Film 1982 Imaginary Friends
0%
Documentary Mini-Series 1993 Inside the Vatican
0%
TV Show 1958 Jack Hylton's Monday Show
0%
TV Mini-Series 1977 Jesus of Nazareth
0%
Film 1965 John Goldfarb, Please Come Home!
0%
TV Film 1976 Kein Abend wie jeder andere
0%
Theater 1979-1980 King Lear
0%
TV Show 1968 Klapzubova Jedenáctka
0%
Film 1965 Lady L
0%
Director 1965 Lady L
0%
Screenplay 1965 Lady L
0%
TV Show 1982 La Petit Théâtre de Bouvard
0%
Film 1989 La Révolution française
0%
Documentary Series 1986 Le Défi Mondial
0%
Film 1952 Le Plaisir
0%
Film 1957 Les Espions
0%
Film 1942 Let the People Sing
0%
Documentary 1996 Life on Earth: A True Civilisation
0%
Film 1976 Logan's Run
0%
Film 1955 Lola Montès
0%
Theater 1949 Love in Albania
0%
TV Special 1976 Love, Life, Liberty & Lunch
0%
Film 2003 Luther
0%
Documentary 2000 Majestät brauchen Sonne
0%
Film 1953 Martin Luther
0%
Documentary 1940 Mein Kampf - My Crimes
0%
Film 1984 Memed, My Hawk
0%
Director 1984 Memed, My Hawk
0%
Screenplay 1984 Memed, My Hawk
0%
Film 1978 Metamorphoses
0%
TV Documentary 1965 Michelangelo: The Last Giant
0%
Documentary 1963 Mondo Cane 2
0%
Documentary 1979 Morte no Tejo
0%
TV Film 1986 Murder in Three Acts
0%
TV Show 1955 Music for You
0%
TV Special 2000 Musik ohne Grenzen
0%
Film 1999 My Friend as the Alien
0%
Documentary 2000 My Khmer Heart
0%
Short Film 1941 New Acres
0%
TV Show 1987 Nightlife
0%
Stage Director 1953 No Sign of the Dove
0%
TV Documentary 1979 Nuclear Nightmares: The Wars That Must Never Happen
0%
TV Show 1975, 1976 Numéro Un
0%
Film 1950 Odette
0%
TV Show 1957-1958 Omnibus
0%
Documentary Series 1968, 1983 Omnibus
0%
Documentary Series 1981 Omni: The New Frontier
0%
Film 1942 One of Our Aircraft Is Missing
0%
Film 1975 One of Our Dinosaurs Is Missing
0%
Documentary Series 1998 On the Trail of Mark Twain
0%
Documentary 1995 Paths of the Gods
0%
Short Film 1988 Peep and the Big Wide World
0%
TV Film 1954 Peer Gynt
0%
TV Show 1963 Perry Como's Kraft Music Hall
0%
TV Documentary 1980 Peter Ustinov and Natalie Wood at the Hermitage
0%
Short TV Documentary 1955 Peter Ustinov at Home
0%
TV Documentary 1990 Peter Ustinov in China
0%
TV Special 1976 Peter Ustinov: Rücksichten
0%
Theater 1962-1963, 1989-1991 Photo Finish
0%
Film 1949 Private Angelo
0%
Director 1949 Private Angelo
0%
Screenplay 1949 Private Angelo
0%
Production 1949 Private Angelo
0%
TV Documentary 1986 Riders of the Wind
0%
Film 1973 Robin Hood
0%
Theater 1956-1958 Romanoff and Juliet
0%
Film 1961 Romanoff and Juliet
0%
Screenplay 1961 Romanoff and Juliet
0%
Director 1961 Romanoff and Juliet
0%
TV Show 2003 Rosamunde Pilcher
0%
TV Film 2002 Salem Witch Trials
0%
Documentary 2003 Schönbrunn: Well of Beauty
0%
Director 1946 School for Secrets
0%
Screenplay 1946 School for Secrets
0%
Production 1946 School for Secrets
0%
Commercial 2001 SEB Bank
0%
Short Documentary 2004 Siberia: Railroad Through the Wilderness
0%
Documentary 2001 Stanley Kubrick: A Life in Pictures
0%
TV Show 1981 Stars
0%
Film 1997 Stiff Upper Lips
0%
TV Mini-Series 1980 Strumpet City
0%
Documentary Series 1990 Survival
0%
Theater 1940 Swinging the Gate Revue
0%
Theater 1972 Sybil: A Celebration of Sybil Thorndike's 90th Birthday
0%
Film 1979 Tarka the Otter
0%
Award Show 1959 The 16th Annual Golden Globe Awards
0%
Award Show 1968 The 22nd Annual Tony Awards
0%
Award Show 1972 The 26th Annual Tony Awards
0%
Award Show 1996 The 49th BAFTA Awards
0%
TV Show 1957 Theatre Night
0%
Film 1999 The Bachelor
0%
Film 1967 The Comedians
0%
Film 1967 The Comedians in Africa
0%
Film 1952 The Curious Adventures of Mr. Wonderbird
0%
TV Show 1966 The Danny Kaye Show
0%
Film 1954 The Egyptian
0%
Documentary 1970 The Festival Game
0%
TV Documentary 1985 The Gandhis of India
0%
Film 1942 The Goose Steps Out
0%
TV Documentary 1977 The Great English Garden Party: Peter Ustinov Looks at 100 Years of Wimbledon
0%
Film 1981 The Great Muppet Caper
0%
Documentary 1963 The Human Dutch
0%
TV Documentary 1987 The Immortal Beethoven
0%
Film 1977 The Last Remake of Beau Geste
0%
Short Film 1956 The Legend of the Good Beasts
0%
TV Mini-Series 1982 The Life and Adventures of Nicholas Nickleby
0%
Theater 1951-1953 The Love of Four Colonels
0%
Film 1951 The Magic Box
0%
Film 1957 The Man Who Wagged His Tail
0%
Stage Director 1982 The Marriage
0%
TV Film 1971 The Marshal of Madrid
0%
TV Show 1981 The Midnight Special
0%
Documentary Series 1974 The Mighty Continent
0%
TV Show 1967-1980 The Mike Douglas Show
0%
Theater 1951-1952 The Moment of Truth
0%
Film 1977 The Mouse and His Child
0%
TV Show 1976 The Muppet Show
0%
Short Film 1943 The New Lot
0%
TV Film 1995 The Old Curiosity Shop
0%
Short Film 1990 The Orchestra
0%
Short Film 1964 The Peaches
0%
Film 1995 The Phoenix and the Magic Carpet
0%
Film 1977 The Purple Taxi
0%
Documentary 2003 The Quest for the Athlos
0%
Film 1990 There Was a Castle with Forty Dogs
0%
Short Film 1981 The Search for Santa Claus
0%
TV Documentary 1988 The Secret Identity of Jack the Ripper
0%
Theater 1968 The Skin of Our Teeth
0%
TV Show 1974 The Sound of Petula
0%
TV Show 1964 The Steve Allen Playhouse
0%
TV Show 1957-1958 The Steve Allen Plymouth Show
0%
TV Short 1968 The Story of Babar, the Little Elephant
0%
Film 1960 The Sundowners
0%
Documentary 1945 The True Glory
0%
Theater 1967-1968, 1973 The Unknown Soldier and His Wife
0%
Film 1956 The Wanderers
0%
Film 1944 The Way Ahead
0%
Screenplay 1944 The Way Ahead
0%
TV Documentary 1985 The Well-Tempered Bach with Peter Ustinov
0%
Film 2002 The Will to Resist
0%
TV Documentary 1973 The World of Peter Ustinov
0%
TV Film 1978 Thief of Bagdad
0%
TV Film 1985 Thirteen at Dinner
0%
Documentary Series 1959-1996 This Is Your Life
0%
TV Documentary 1979 Through Joy and Beyond
0%
Film 1976 Treasure of Matecumbe
0%
Commercial 1993 UNICEF
0%
TV Documentary 1962 Ustinov in Orbit
0%
TV Special 1971 Ustinovs Ferngespräche
0%
Film 1982 Venezia, carnevale - Un amore
0%
Director 1948 Vice Versa
0%
Screenplay 1948 Vice Versa
0%
Production 1948 Vice Versa
0%
TV Mini-Series 2001 Victoria & Albert
0%
Film 1969 Viva Max!
0%
Film 1979 We'll Grow Thin Together
0%
Film 1955 We're No Angels
0%
TV Show 1957-1966 What's My Line?
0%
Theater 1974 Who's Who in Hell
0%
Documentary Mini-Series 1993 Wings of the Red Star MIG Force
0%
TV Film 2003 Winter Solstice
0%
Documentary 1963 Women of the World
0%
Commercial 2000 World Expo in Hannover
0%
No matching quizzes found
Score Distribution
Percent of People with Each Score
Percentile by Number Answered
Your Score History
You have not taken this quiz since the last reset